00489nam a2200157Ia 4500003000900000008004100009020001800050040001600068080001600084100001700100245012100117260003500238300001400273650002500287650001900312IN-BaIIA211028s9999 xx 000 0 eng d a0-13-541888-7 cIIA Library a519.68bGIL aGill, Arthur 0aMachine and Assembly Language Programming of the PDP-IIcArthur Gill  aEnglewoodbPrentice-Hallc1983 axi, 211p. aComputer Programming aNASA Thesaurus